ˆ[‰Собрание сочинений. [Т. 1]: Исаак Лакедем (Запись № 7167676)

Подробности
000 -МАРКЕР
контрольное поле 01386nam2a22002531 4500
001 - ИДЕНТИФИКАТОР ЗАПИСИ
контрольное поле rc\62238
005 - ИДЕНТИФИКАТОР ВЕРСИИ
контрольное поле 20250620193555.0
010 ## - МЕЖДУНАРОДНЫЙ СТАНДАРТНЫЙ НОМЕР КНИГИ (ISBN)
Номер (ISBN) 5-8491-0038-5
Уточнения Малое предприятие "Свет-1"
Тираж 50000
035 ## - ДРУГИЕ СИСТЕМНЫЕ НОМЕРА
Идентификатор записи (NLR Aleph) 005388677
100 ## - ДАННЫЕ ОБЩЕЙ ОБРАБОТКИ
Данные общей обработки 20021216d1994 |||y0rusy50 ca
101 0# - ЯЗЫК РЕСУРСА
Язык текста, звукозаписи и т.д. русский
102 ## - СТРАНА ПУБЛИКАЦИИ ИЛИ ПРОИЗВОДСТВА
Страна публикации Российская Федерация
105 ## - ПОЛЕ КОДИРОВАННЫХ ДАННЫХ: ТЕКСТОВЫЕ МАТЕРИАЛЫ, МОНОГРАФИЧЕСКИЕ
Кодированные данные о монографическом текстовом документе a |||||||||
200 1# - ЗАГЛАВИЕ И СВЕДЕНИЯ ОБ ОТВЕТСТВЕННОСТИ
Основное заглавие Исаак Лакедем
Сведения, относящиеся к заглавию Роман
Первые сведения об ответственности Пер. Г. Зингера
210 ## - ПУБЛИКАЦИЯ, РАСПРОСТРАНЕНИЕ И ДР.
Дата издания, распространения и т.д. 1994
Место издания, распространения и т.д. Б. м.
215 ## - ФИЗИЧЕСКАЯ ХАРАКТЕРИСТИКА
Специфическое обозначение материала и объем 524, [2] с.
Другие сведения о физической характеристике ил.
461 #0 - УРОВЕНЬ НАБОРА
Встроенное поле 001rc\62237
-- 2001#$aˆ[‰Собрание сочинений$eВ 80 т.$eПер. с фр.]$fАлександр Дюма$g[Сост. А.В. Муравьев, Г.Ю. Лихачева$gВступ. ст. Г.Р. Зингера, с. 7-35$gКоммент. Н.А. Чаплыгиной]$v[Т. 1]
-- 700#1$aДюма$bА.$gАлександр$cотец$f1803-1870
Системный номер (АБИС) связанной записи 7167667
Автор Дюма, А. (отец ; 1803-1870)
Место публикации М.
Дата публикации 1994-
Первые сведения об ответственности Александр Дюма
Имя издателя, распространителя и т.д. ПКФ "Светоч"
Сведения, относящиеся к заглавию В 80 т. : Пер. с фр.]
Заглавие ˆ[‰Собрание сочинений
ISBN 5849100040
Номер тома [Т. 1]
604 ## - ИМЯ И ЗАГЛАВИЕ КАК ПРЕДМЕТ
Связываемые данные 700#1$aДюма$bА.$gАлександр$cотец
-- 50010$aИсаак Лакедем$2psbo
Имя лица Дюма, Александр (отец)
Заглавие Исаак Лакедем
801 #0 - ИСТОЧНИК ЗАПИСИ
Страна Российская Федерация
Организация NLR
Правила каталогизации psbo
801 #1 - ИСТОЧНИК ЗАПИСИ
Страна Российская Федерация
Организация ELAR
Источник данных rusmarc
852 ## - МЕСТОНАХОЖДЕНИЕ И ШИФР ХРАНЕНИЯ
Идентификатор организации NLR
Шифр хранения (Call Number) 94-5/1476
942 ## - ДОПОЛНИТЕЛЬНЫЕ ЭЛЕМЕНТЫ ЗАПИСИ (АБИС)
Тип экземпляра АБИС Книга
980 ## - КОЛЛЕКЦИЯ
Название коллекции Национальная библиография
Экземпляры
Тип экземпляра Дата поступления Библиотека постоянного хранения Библиотека текущего хранения Место хранения Шифр хранения Штрих-код Статус экземпляра
Книга 26.10.2013 РНБ (Московский) РНБ (Московский) Русский книжный фонд: издания с 1957 года 94-5/1476 5388677-10